Pourquoi Jesús-Christ? ou dogmatique du Sacre Coeur precedee d'une etude sur le venerable Jean Duns Scot
Bewaard in:
| Hoofdauteur: | |
|---|---|
| Formaat: | Boek |
| Taal: | Frans |
| Gepubliceerd in: |
Roma
Desclee de Brouwer et Cie
1903
|
| Editie: | 1a. ed |
| Reeks: | Grandes Theses Catholiques, 2
|
| Onderwerpen: | |
| Tags: |
Voeg label toe
Geen labels, Wees de eerste die dit record labelt!
|
MARC
| LEADER | 00000cam a2200000 a 4500 | ||
|---|---|---|---|
| 001 | UCD3288 | ||
| 003 | CL-VaPUC | ||
| 008 | 160603e19030000it |||||||||||||||||fre|d | ||
| 082 | 0 | 4 | |a 232.8 |b BAS |2 21 |
| 100 | 0 | |a Basly, Deodat de |e author |9 586693 | |
| 245 | 1 | 0 | |a Pourquoi Jesús-Christ? ou dogmatique du Sacre Coeur precedee d'une etude sur le venerable Jean Duns Scot |
| 250 | |a 1a. ed | ||
| 300 | |a 482 p | ||
| 942 | |c BK | ||
| 945 | |d 20160603 11:42:00 |a dcastane | ||
| 260 | |a Roma |b Desclee de Brouwer et Cie |c 1903 | ||
| 650 | 0 | |a Vida de Jesús |9 478097 | |
| 650 | 0 | |a Cristología |9 315091 | |
| 583 | |a last modification |c 20160603 11:42:00 |k Rodrigo Vera | ||
| 490 | 0 | |a Grandes Theses Catholiques, 2 | |
| 999 | |c 364324 |d 364322 | ||
| 952 | |0 0 |1 0 |3 erd |4 0 |6 232_800000000000000_BAS_1903 |7 0 |8 X |9 477366 |a BIBTEO |b BIBTEO |c TEO_FFR |i 5233100 |o 232.8 BAS 1903 |p 5233100 |r 2024-01-18 |w 2019-11-24 |y BK_X |z Catalogado en:20160603 |k OFM | ||